000 00372cam a2200157ua 4500
041 _aeng
_h
082 _a821
_bARB/OM
100 _aArberry, Arthur J .
245 _aOmar khayyam /
_cArthur J Arberry.
_hTextual Documents
250 _a1 /
_b.
260 _aLondon :
_bJohn Murray ,
_c1959.
300 _a159 ; .
504 _a
942 _cBK
999 _c11517
_d11517